00480nam a22001697a 450000500170000001000150001702000260003203500140005803700090007208200080008110000180008924500710010725000060017826000420018427000600022630000240028620250704123906.0 aENG-145647 c650.00a9788129001313 aEN-129179 bDBAD a883 aInderjit Kaur aPostmodern Stategies In The Novels of Susan Sontag/cInderjit Kaur a1 aChandigarhbNew Book Era Agencyc2016 bChandigarhaSCO 49-51, Sector-17 C, Post Box-52e160017 a180 p.c22.4 cm(hb)